Cambra Oficial de Comerç i Indústria de Terrassa = Camara Oficial de Comercio e Industria de Terrassa = The Official Chamber of Commerce and Industry of Terrassa
Descripción Física:
51 p. : il., col. ; 27 cm
MARC
| LEADER | 00000nam a2200000Ia 4500 | ||
|---|---|---|---|
| 001 | 7581 | ||
| 008 | 160829s9999 xx 000 0 cat d | ||
| 080 | |a M-1-213 | ||
| 100 | |a Cambra Oficial de Comerç i Indústria de Terrassa |9 48459 | ||
| 245 | |a Cambra Oficial de Comerç i Indústria de Terrassa = Camara Oficial de Comercio e Industria de Terrassa = The Official Chamber of Commerce and Industry of Terrassa | ||
| 260 | |a Terrassa : |b [l'Entitat], dl 1987 | ||
| 300 | |a 51 p. : |b il., col. ; |c 27 cm | ||
| 590 | |a Text en tres columnes en català, castellà i anglès. | ||
| 650 | |a Cambra Oficial de Comerç i Indústria de Terrassa | ||
| 901 | |a Arxiu | ||
| 942 | |n 1 | ||
| 952 | |0 0 |1 0 |4 0 |6 M1213 |7 1 |9 43022 |a Arxiu |b Arxiu |d 2016-12-01 |l 0 |o M-1-213 |p 7581 |r 2016-12-01 00:00:00 |w 2016-12-01 |y ARXIU | ||
| 999 | |c 45565 |d 45565 | ||